CLINICAL NEUROANATOMY (Record no. 8430)

MARC details
000 -LEADER
fixed length control field 00339nam a22001577a 4500
003 - CONTROL NUMBER IDENTIFIER
control field SGT
020 ## - INTERNATIONAL STANDARD BOOK NUMBER
International Standard Book Number 978-81-8473-2214
082 ## - DEWEY DECIMAL CLASSIFICATION NUMBER
Classification number 611, C10S
100 ## - MAIN ENTRY--PERSONAL NAME
Personal name SNELL, RICHARD S.
245 ## - TITLE STATEMENT
Title CLINICAL NEUROANATOMY
250 ## - EDITION STATEMENT
Edition statement 7TH
260 ## - PUBLICATION, DISTRIBUTION, ETC. (IMPRINT)
Place of publication, distribution, etc INDIA
Name of publisher, distributor, etc WOLTERS KLUWER
Year of Publication 2010
300 ## - PAGE DESCRIPTION
No. of Pages 542
650 ## - SUBJECT ADDED ENTRY--TOPICAL TERM
Topical term or geographic name as entry element ANATOMY
942 ## - ADDED ENTRY ELEMENTS (KOHA)
Source of classification or shelving scheme Dewey Decimal Classification
Koha item type Books
942 ## - ADDED ENTRY ELEMENTS (KOHA)
-- 17
Holdings
Withdrawn status Lost status Source of classification or shelving scheme Damaged status Not for loan Collection code Home library Current library Shelving location Date acquired Vendor Name Cost, normal purchase price SGTU Bill Number Total Checkouts Full call number Accession No. (Barcode) Date last seen Date last borrowed Bill Date Koha item type
    Dewey Decimal Classification     MEDICAL SGT Medical Library SGT Medical Library Reference Book 15/03/2016 AHUJA BOOK COMPANY 1350.00 SGTU 5978 19 611, C10S FM7473 11/10/2025 29/09/2025 14/08/2015 Books
    Dewey Decimal Classification     MEDICAL SGT Medical Library SGT Medical Library Reference Book 15/03/2016 AHUJA BOOK COMPANY 1350.00 SGTU 5978 14 611, C10S FM7474 02/04/2026 02/04/2026 14/08/2015 Books
    Dewey Decimal Classification     MEDICAL SGT Medical Library SGT Medical Library Reference Book 15/03/2016 AHUJA BOOK COMPANY 1350.00 SGTU 5978 8 611, C10S FM7475 29/09/2025 15/09/2025 14/08/2015 Books